000 00343 a2200121 4500
001 ART_7211
005 20260410161700.0
008 260409a
245 1 0 _aApuntes de la Crisis Global
100 1 _aCarrera, Jorge E.
700 1 _aGrillo, Federico
773 0 _tEnsayos Económicos
_g- Nº 57/58 (ene./jun. 2010)
_wREV620
999 _c15071
_d15071